Aston Martin Cars by Pictures - Statistics

General Stats
  • This quiz has been taken 276 times
  • The average score is 10 of 20
Answer Stats
Picture Answer % Correct
Vantage
84%
DB5
77%
Valkyrie
77%
DB11
76%
DBX
74%
Vulcan
73%
DB9
60%
Valhalla
58%
Vanquish
52%
Cygnet
49%
One-77
48%
DB7
42%
Victor
40%
DBS Superleggera
38%
Lagonda
38%
Speedster
27%
Rapide S
25%
V12 Zagato
15%
CC100
11%
Vanquish Vision Concept
11%
No matching quizzes found
Score Distribution
Percent of People with Each Score
Percentile by Number Answered
Your Score History
You have not taken this quiz